000 00832nas a2200241 4500
001 BR7604261
003 BR-BrBNA
005 20231205083023.0
007 ta
008 230509b bl.|||p| |||| 00| 00por d
040 _aBR-BrBNA
_bpor
_cBiblioteca Nacional de Agricultura
041 _a(Pt)
072 _aF22; F25
110 1 _aInstituto de Pesquisas Agronomicas, Porto Alegre, RS (Brasil)
_96134
245 1 _aModificacoes introduzidas nas tabelas de adubacao dos laboratorios de analise do solo do Rio Grande do Sul e Santa Catarina [Brasil]
650 _aANALISE DO SOLO
650 _aADUBACAO
650 _aRIO GRANDE DO SUL
650 _aSANTA CATARINA
773 0 _tIPAGRO Informa (Brazil)
_xISSN 0100-3410
_g(Apr 1976), (no. 12) p. 5-17
_wBR7604261
909 _a202311
_bLúcia
_c55
_dLúcia Elande
942 _2AGRIS
_n0
_cANA
999 _c95809
_d95809